• 首页
  • 本馆介绍
  • 公告通知
  • 最新文献
  • 馆藏检索
  • 电子资源
  • 读者导购
  • 参考咨询
  • 我的图书馆
  • 登录
  • 详细信息显示
  • 放入我的书架
  • 预约/预借图书
  • 作者相关作品
  • 分类相关作品
  • 丛书相关作品
  • 出版社相关作品

书目信息

  • 表格格式
  • 工作单格式
  • 卡片格式
题名:
量子力学
    
 
作者: 曾谨言 著
分册: 卷Ⅱ  
出版信息: 北京   科学出版社  2000.01
页数: 742页
开本: 32开
丛书名: 现代物理学丛书
单 册:
中图分类: O413.1
科图分类:
主题词: 理论物理学
电子资源:
ISBN: 7-03-008188-9
000 00622nam0 2200229 45
001 0102270890
005 20031219104048.6
010    @a7-03-008188-9@b精装@dCNY48.00
100    @a20010227d2000 km y0chiy0120 ea
101 0  @achi
105    @a z 000yy
200 1  @a量子力学@h卷Ⅱ@ALiang Zi Li Xue@f曾谨言著@FCeng Jin Yan Zhu
205    @a3版
210    @a北京@c科学出版社@d2000.01
215    @a742页@d32开
225    @a现代物理学丛书
410    @12001 @a现代物理学丛书
606 0  @a理论物理学
690    @aO413.1@v3
701  0 @a曾谨言@4著
801    @aCN@bTSTC@c20010227
905    @b294962-966@dO413.1@e1:2=3@f5
    
    量子力学.卷Ⅱ/曾谨言著.-3版.-北京:科学出版社,2000.01
    742页;32开.-(现代物理学丛书)
    
    
    ISBN 7-03-008188-9(精装):CNY48.00
    
●
相关链接 在E读中查询图书 在五车中查询图书 在当当中查询图书 在豆瓣中查询图书


正题名:量子力学     索取号:O413.1/1:2=3         预约/预借

序号 登录号 条形码 馆藏地/架位号 状态 备注
1 0294962   002949625   第三借阅区/ [索取号:O413.1/1:2=3] 在馆    
2 0294963   002949634   第三借阅区/ [索取号:O413.1/1:2=3] 在馆    
3 0294964   002949643   第三借阅区/ [索取号:O413.1/1:2=3] 在馆    
4 0294965   002949652   第三借阅区/ [索取号:O413.1/1:2=3] 在馆    
5 0294966   002949661   第二样本阅览室/ [索取号:O413.1/1:2=3] 在馆    
唐山师范学院图书馆 欢迎您!
大连网信软件有限公司© 版权所有